00785nam a22002057a 450000500170000001000150001702000260003203500140005803700130007208200160008510000220010124500940012326000460021727000650026330000250032850000480035394200300040199900190043195201290045020180831102630.0 aENG-123940 a9780199484218c895.00 aEN-107472 bDBAD/PUB a324.6230954 aMukherjee, Sumita aIndian suffragettes:cby Sumita Mukherjeebfemale identities and transnational netwroks / c2018aNew Delhi bOxford University Press aYMCA Library Building, 1 Jai Singh Road,bNew Delhi e110001 c22cm(Hb)axvi,292p.  aIt include appendix, bibliography and index cEN2ddcmMUKh324.6230954 c156742d156742 001040718NFICaDBADbZLSd2018-08-31eDBAD/PUBg895.00l0o324.6230954 MUKpEN-107472r2018-08-31 00:00:00t1v895.00yEN